Loading...
| Social Science | 0 | 4 | 0 | 0 | 40 | 37 | 89.75 | 1 | 2 | 0.00 | 0.00 |
| History - Other | 0 | 3 | 1 | 1 | 25 | 68 | 98.67 | 0 | 0 | 0.00 | 0.00 |
| Science - Other | 0 | 3 | 1 | 0 | 25 | 74 | 99.67 | 0 | 1 | 0.00 | 0.00 |
| Fine Arts - Classical Music | 0 | 1 | 0 | 0 | 10 | 59 | 59.00 | 0 | 1 | 0.00 | 0.00 |
| Geography | 0 | 1 | 0 | 0 | 10 | 118 | 118.00 | 0 | 1 | 0.00 | 0.00 |
| History - World | 0 | 1 | 0 | 0 | 10 | 107 | 107.00 | 0 | 1 | 0.00 | 0.00 |
| Science - Physics | 0 | 1 | 0 | 1 | 10 | 127 | 127.00 | 0 | 0 | 0.00 | 0.00 |
| Science - Biology | 0 | 0 | 0 | 0 | 0 | 0.00 | 0 | 0 | 0.00 | 0.00 | |
| Science - Chemistry | 0 | 0 | 0 | 0 | 0 | 0.00 | 0 | 0 | 0.00 | 0.00 | |
| Fine Arts - Other | 0 | 0 | 1 | 0 | -5 | 0.00 | 0 | 0 | 0.00 | 0.00 |